[Event "US Masters"]
[Site "Charlotte USA"]
[Date "2023.11.23"]
[Round "2.5"]
[White "Burke, John M"]
[Black "Plotkin, Mark"]
[Result "1-0"]
[WhiteElo "2583"]
[BlackElo "2353"]
[PlyCount "63"]
[EventDate "2023.11.24"]
[EventType "swiss"]
[EventRounds "9"]
[EventCountry "USA"]
[Source "ChessMix"]
[SourceDate "2023.12.01"]
[TimeControl "5400+30"]

1. e4 {[%emt 0:06:11]} g6 {[%emt 0:00:12]} 2. d4 {[%emt 0:00:15]} Bg7 {
[%emt 0:00:06]} 3. Nc3 {[%emt 0:00:23]} d6 {[%emt 0:00:09]} 4. Be3 {
[%emt 0:00:25]} a6 {[%emt 0:02:01]} 5. h4 {[%emt 0:01:47]} h5 {[%emt 0:05:40]}
6. Nh3 {[%emt 0:00:58]} b5 {[%emt 0:03:47]} 7. Ng5 {[%emt 0:00:48]} Bb7 {
[%emt 0:03:50]} 8. Qd2 {[%emt 0:09:49]} Nf6 {[%emt 0:14:24]} 9. f3 {
[%emt 0:02:40]} Nbd7 {[%emt 0:10:15]} 10. O-O-O {[%emt 0:01:15]} e6 {
[%emt 0:06:45]} 11. a3 {[%emt 0:20:36]} Qe7 {[%emt 0:02:19]} 12. f4 {
[%emt 0:04:41]} Rd8 {[%emt 0:06:03]} 13. f5 {[%emt 0:05:50]} Ng4 {
[%emt 0:18:35]} 14. fxe6 {[%emt 0:12:35]} fxe6 {[%emt 0:00:11]} 15. Bd3 {
[%emt 0:00:38]} O-O {[%emt 0:00:59]} 16. e5 {[%emt 0:01:52]} dxe5 {
[%emt 0:01:16]} 17. Bxg6 {[%emt 0:00:45]} Ndf6 {[%emt 0:06:37]} 18. Qe2 {
[%emt 0:03:46]} Nxe3 {[%emt 0:02:15]} 19. Qxe3 {[%emt 0:00:04]} Rxd4 {
[%emt 0:08:14]} 20. Qxe5 {[%emt 0:01:39]} Nd5 {[%emt 0:03:10]} 21. Qxe6+ {
[%emt 0:01:39]} Qxe6 {[%emt 0:00:01]} 22. Nxe6 {[%emt 0:00:05]} Rxd1+ {
[%emt 0:01:27]} 23. Rxd1 {[%emt 0:00:09]} Bh6+ {[%emt 0:02:07]} 24. Kb1 {
[%emt 0:00:11]} Ne3 {[%emt 0:01:19]} 25. Rd7 {[%emt 0:02:24]} Rf6 {
[%emt 0:00:41]} 26. Bxh5 {[%emt 0:02:23]} Bxg2 {[%emt 0:00:28]} 27. Rxc7 {
[%emt 0:01:10]} Rf1+ {[%emt 0:00:06]} 28. Ka2 {[%emt 0:00:04]} Nxc2 {
[%emt 0:00:15]} 29. Bg6 {[%emt 0:01:23]} Ne3 {[%emt 0:00:37]} 30. Bh7+ {
[%emt 0:00:15]} Kh8 {[%emt 0:00:02]} 31. Bd3 {[%emt 0:00:05]} Rf6 {
[%emt 0:01:19]} 32. Rc8+ {[%emt 0:00:04]} 1-0

[Event "Titled Tuesday 2023.07.25 Early"]
[Site "chess.com INT"]
[Date "2023.07.25"]
[Round "6"]
[White "Plotkin, Mark"]
[Black "Arabidze, M."]
[Result "1-0"]
[WhiteElo "2353"]
[BlackElo "2451"]
[PlyCount "107"]
[EventDate "2023.07.25"]
[EventType "swiss (blitz)"]
[EventRounds "11"]
[EventCountry "NET"]
[Source "Mark Crowther"]
[SourceDate "2023.07.31"]

1. e4 c5 2. Nf3 e6 3. d4 cxd4 4. Nxd4 Nc6 5. Nc3 a6 6. a3 d6 7. f4 Bd7 8. Be3
Nf6 9. Qf3 Rc8 10. O-O-O Qc7 11. Nb3 h5 12. g3 Be7 13. Bh3 b5 14. Kb1 b4 15.
axb4 Nxb4 16. Rhe1 a5 17. Qf2 Rb8 18. e5 Ng4 19. Bxg4 hxg4 20. exd6 Bxd6 21.
Ne4 Be7 22. Bd4 Qxc2+ 23. Qxc2 Nxc2 24. Kxc2 Ba4 25. Re3 Rxh2+ 26. Ned2 f6 27.
Kb1 Kf7 28. Rc1 Bb4 29. Nc4 Kg6 30. Nbxa5 Bxa5 31. Nxa5 Rg2 32. Nc4 Bc6 33. Bc3
Bd5 34. Nd2 Rf2 35. Ne4 Rg2 36. Nc5 Rc8 37. Nxe6 Bxe6 38. Rxe6 Rxg3 39. Re4 Rf3
40. Rg1 g3 41. Re7 Kf5 42. Rxg7 Kxf4 43. Bxf6 Ke3 44. R7xg3 Kf2 45. Rxf3+ Kxf3
46. Rc1 Rf8 47. Rc6 Ke4 48. Bc3 Kd5 49. Rh6 Rf1+ 50. Ka2 Kc4 51. Rh4+ Kd3 52.
Kb3 Ra1 53. Rd4+ Ke2 54. Rd8 1-0

[Event "Transnational Crown"]
[Site "Montreal CAN"]
[Date "2023.06.06"]
[Round "1.7"]
[White "Plotkin, Mark"]
[Black "Bosiocic, Marin"]
[Result "0-1"]
[WhiteElo "2341"]
[BlackElo "2543"]
[PlyCount "98"]
[EventDate "2023.06.06"]
[EventType "swiss"]
[EventRounds "9"]
[EventCountry "CAN"]

1. e4 c5 2. Nf3 Nc6 3. d4 cxd4 4. Nxd4 e5 5. Nb5 d6 6. c4 Be6 7. N1c3 a6 8. Na3
g6 9. Be3 Bg7 10. Nc2 Nf6 11. Be2 O-O 12. O-O Rc8 13. b3 b5 14. cxb5 Ne7 15.
Na4 axb5 16. Bxb5 Qa5 17. Bd3 d5 18. Nb6 Rxc2 19. b4 Qxb4 20. Qxc2 dxe4 21. Be2
Ned5 22. Bc5 Qc3 23. Qxc3 Nxc3 24. Ba6 Rb8 25. a3 Bf8 26. Be3 Ng4 27. Nc4 Ra8
28. Bb7 Nxe3 29. Bxa8 Nxf1 30. Kxf1 Bxc4+ 31. Ke1 Bd3 32. a4 Bb4 33. a5 Nb5+
34. Kd1 Nd4 35. Bd5 Nb5 36. Bc6 Bc3 37. Rc1 Bxa5 38. Rc5 Nc3+ 39. Kd2 Bb4 40.
Rxe5 Nd5+ 41. Kd1 Nf6 42. Ba4 Ng4 43. Re8+ Kg7 44. f3 Nf6 45. Rb8 Bd6 46. Rb7
e3 47. g3 Nd5 48. Bb3 Bb4 49. Bxd5 e2+ 0-1

[Event "Transnational Crown"]
[Site "Montreal CAN"]
[Date "2023.06.07"]
[Round "2.19"]
[White "Ouellet, Maili-Jade"]
[Black "Plotkin, Mark"]
[Result "0-1"]
[WhiteElo "2243"]
[BlackElo "2341"]
[PlyCount "98"]
[EventDate "2023.06.06"]
[EventType "swiss"]
[EventRounds "9"]
[EventCountry "CAN"]

1. d4 Nf6 2. c4 g6 3. f3 Bg7 4. e4 d6 5. Nc3 O-O 6. Be3 c5 7. Nge2 Qa5 8. Nc1
cxd4 9. Nb3 Qxc3+ 10. bxc3 dxe3 11. Be2 Nh5 12. Nd4 Nc6 13. g3 Bh3 14. Qd3 Bh6
15. f4 Nf6 16. Bf3 Rfe8 17. Rb1 e5 18. Nxc6 bxc6 19. Qxd6 Bg7 20. Rb7 exf4 21.
Qxf4 Rad8 22. g4 Rd2 23. Rb8 h6 24. Rxe8+ Nxe8 25. Qxe3 Rxa2 26. Rg1 Be5 27.
Bd1 Rxh2 28. Be2 Nf6 29. Qxa7 Nxe4 30. Qe3 f5 31. Bf3 Bxc3+ 32. Kd1 Rd2+ 33.
Qxd2 Nxd2 34. Bxc6 Bxg4+ 35. Kc2 Bb4 36. Ra1 Ne4 37. Bd5+ Kg7 38. Rb1 Bc5 39.
Rb5 Bf2 40. Rb7+ Kf6 41. Rf7+ Ke5 42. Bxe4 Kxe4 43. Rc7 h5 44. c5 Kd5 45. c6 h4
46. Rg7 Kxc6 47. Rxg6+ Kd5 48. Kd3 h3 49. Rh6 Ke5 0-1

[Event "Transnational Crown"]
[Site "Montreal CAN"]
[Date "2023.06.08"]
[Round "3.16"]
[White "Plotkin, Mark"]
[Black "Johnson, Donald"]
[Result "1-0"]
[WhiteElo "2341"]
[BlackElo "2160"]
[PlyCount "63"]
[EventDate "2023.06.06"]
[EventType "swiss"]
[EventRounds "9"]
[EventCountry "CAN"]

1. d4 Nf6 2. Nc3 d5 3. Bf4 e6 4. e3 Bb4 5. Bd3 c5 6. dxc5 Nbd7 7. Nf3 Nxc5 8.
O-O Bxc3 9. bxc3 O-O 10. Bg5 h6 11. Bh4 Na4 12. Ne5 Nxc3 13. Qe1 Qc7 14. Bxf6
gxf6 15. f4 fxe5 16. Qg3+ Kh8 17. Qh4 f5 18. Qxh6+ Kg8 19. Rf3 exf4 20. exf4
Qc5+ 21. Kh1 Kf7 22. g4 Ne4 23. gxf5 exf5 24. Rg1 Bd7 25. Bxe4 dxe4 26. Rfg3
Ke8 27. Rg7 Rc8 28. Rd1 Rc7 29. Qg6+ Kd8 30. Qe6 Rf6 31. Rdxd7+ Kc8 32. Qe8#
1-0

[Event "Transnational Crown"]
[Site "Montreal CAN"]
[Date "2023.06.09"]
[Round "4.11"]
[White "Cruz, Cristhian"]
[Black "Plotkin, Mark"]
[Result "1/2-1/2"]
[WhiteElo "2522"]
[BlackElo "2341"]
[PlyCount "149"]
[EventDate "2023.06.06"]
[EventType "swiss"]
[EventRounds "9"]
[EventCountry "CAN"]

1. d4 Nf6 2. Bg5 g6 3. Bxf6 exf6 4. e3 d5 5. g3 Bd6 6. Bg2 c6 7. Ne2 h5 8. h4
Be6 9. Nd2 Nd7 10. Rc1 Qa5 11. a3 Qb6 12. Rb1 f5 13. Qc1 Qa6 14. Nf4 Nf6 15.
Bf1 b5 16. c3 Ne4 17. Bd3 Qb7 18. Kf1 a5 19. Kg2 a4 20. Qc2 Qe7 21. Rbe1 O-O
22. Qd1 Qf6 23. f3 Nxd2 24. Qxd2 Rfe8 25. Rhf1 Bxf4 26. exf4 Bd7 27. Re5 Qd6
28. Rfe1 Kf8 29. Kf2 f6 30. Rxe8+ Rxe8 31. Rxe8+ Kxe8 32. Qe3+ Kd8 33. Kg2 Qe6
34. Qxe6 Bxe6 35. Kf2 Kc7 36. Ke3 Kb6 37. Kd2 Ka5 38. g4 Kb6 39. g5 fxg5 40.
fxg5 Bd7 41. Bc2 Kc7 42. Ke3 Kd6 43. Kf4 Bc8 44. Bd3 Bd7 45. Ke3 Bc8 46. Bc2
Bd7 47. Kf4 Bc8 48. b3 axb3 49. Bxb3 Ba6 50. Bc2 Ke6 51. Bd1 Kd6 52. Bb3 Bb7
53. Bc2 Bc8 54. Ke3 Ba6 55. Kd2 Bc8 56. Bd3 Bd7 57. Kc2 Be8 58. Kc1 Bd7 59. Bc2
Bc8 60. Kb2 Bd7 61. a4 bxa4 62. Bxa4 f4 63. Bc2 Be8 64. Kb3 c5 65. Ka3 cxd4 66.
cxd4 Kc7 67. Ba4 Bf7 68. Kb4 Kb6 69. Bd7 Kc7 70. Ba4 Kb6 71. Bb5 Be6 72. Bd3
Bf7 73. Bc2 Be8 74. Bd3 Bf7 75. Bc2 1/2-1/2

[Event "Transnational Crown"]
[Site "Montreal CAN"]
[Date "2023.06.09"]
[Round "5.11"]
[White "Plotkin, Mark"]
[Black "Ortiz Suarez, Isan Reynaldo"]
[Result "1/2-1/2"]
[WhiteElo "2341"]
[BlackElo "2503"]
[PlyCount "98"]
[EventDate "2023.06.06"]
[EventType "swiss"]
[EventRounds "9"]
[EventCountry "CAN"]

1. d4 Nf6 2. Nf3 e6 3. c4 d5 4. Nc3 c6 5. g3 Nbd7 6. Bg2 Be7 7. O-O O-O 8. Nd2
b6 9. Qc2 Ba6 10. Rd1 Rc8 11. e4 dxc4 12. b3 b5 13. bxc4 bxc4 14. Na4 c5 15. d5
exd5 16. exd5 Ne5 17. Nb2 Nfd7 18. Nbxc4 Nxc4 19. Nxc4 Bxc4 20. Qxc4 Bf6 21.
Rb1 Ne5 22. Qa6 c4 23. Ba3 Re8 24. d6 c3 25. Rb7 c2 26. Rc1 Rc3 27. Qa4 Nc4 28.
d7 Re6 29. Bb4 Nb2 30. Qxc2 Rxc2 31. Rxc2 Nd3 32. Rb8 Nxb4 33. Rxd8+ Bxd8 34.
Rc8 Re1+ 35. Bf1 Nc6 36. Rxc6 Kf8 37. Kg2 Ke7 38. Bb5 Rd1 39. Rc2 Rd6 40. f4
Ba5 41. Kf3 Rd2 42. Rc8 Bd8 43. a4 Rxh2 44. Rc1 Rh6 45. f5 Rb6 46. Re1+ Kd6 47.
Rd1+ Ke7 48. Re1+ Kd6 49. Rd1+ Ke7 1/2-1/2

[Event "Transnational Crown"]
[Site "Montreal CAN"]
[Date "2023.06.10"]
[Round "6.10"]
[White "Moradiabadi, Elshan"]
[Black "Plotkin, Mark"]
[Result "1/2-1/2"]
[WhiteElo "2520"]
[BlackElo "2341"]
[PlyCount "163"]
[EventDate "2023.06.06"]
[EventType "swiss"]
[EventRounds "9"]
[EventCountry "CAN"]

1. Nf3 Nf6 2. c4 g6 3. Nc3 Bg7 4. e4 d6 5. d4 O-O 6. h3 e5 7. d5 a5 8. Be3 Na6
9. Nd2 Nc5 10. Be2 h6 11. g4 c6 12. h4 a4 13. g5 hxg5 14. hxg5 Nh7 15. Rg1 Bd7
16. b4 axb3 17. axb3 Qb6 18. Na4 Qb4 19. Nxc5 dxc5 20. Rg3 cxd5 21. cxd5 b5 22.
Kf1 Rfc8 23. Rxa8 Rxa8 24. Qc2 Rc8 25. Kg2 c4 26. bxc4 bxc4 27. Nxc4 Bb5 28.
Bd2 Rxc4 29. Bxc4 Qxc4 30. Qxc4 Bxc4 31. Rc3 Bb5 32. Rc8+ Bf8 33. Rb8 Ba4 34.
Ra8 Bb5 35. f3 f6 36. Rb8 Ba4 37. Rb6 Kf7 38. Rb7+ Kg8 39. Ra7 Bb5 40. Ra5 Be8
41. Ra8 Bb5 42. gxf6 Nxf6 43. Bh6 Nd7 44. Kg3 Kf7 45. Bxf8 Nxf8 46. Kg4 Nd7 47.
Kg5 Be2 48. Ra2 Bb5 49. Rh2 Kg7 50. Rb2 Ba6 51. Ra2 Bb5 52. Ra5 Be2 53. Ra7 Bb5
54. Rb7 Ba4 55. Rb4 Bd1 56. Rb1 Bc2 57. Rc1 Ba4 58. Rc7 Kf7 59. Kh6 Kf6 60. Rc1
Bb5 61. Rg1 Nf8 62. Rb1 Be2 63. Rb2 Bd1 64. Rd2 Ba4 65. Ra2 Bd1 66. Ra6+ Kf7
67. Ra1 Be2 68. Ra2 Bd1 69. Rd2 Ba4 70. Rh2 Kf6 71. Rf2 Nd7 72. Ra2 Bb5 73. Rg2
Nf8 74. Rb2 Ba4 75. Rb8 Kf7 76. Kg5 Nh7+ 77. Kg4 Bd7+ 78. Kg3 g5 79. Rb7 Nf6
80. Ra7 Nh5+ 81. Kf2 Ke7 82. Ra6 1/2-1/2

[Event "Transnational Crown"]
[Site "Montreal CAN"]
[Date "2023.06.10"]
[Round "7.13"]
[White "Plotkin, Mark"]
[Black "Korley, Kassa"]
[Result "1-0"]
[WhiteElo "2341"]
[BlackElo "2461"]
[PlyCount "99"]
[EventDate "2023.06.06"]
[EventType "swiss"]
[EventRounds "9"]
[EventCountry "CAN"]

1. c4 e6 2. Nf3 d5 3. g3 Nf6 4. Bg2 c5 5. cxd5 exd5 6. O-O Nc6 7. d4 Be7 8. Nc3
O-O 9. dxc5 Bxc5 10. Bg5 d4 11. Bxf6 Qxf6 12. Ne4 Qe7 13. Nxc5 Qxc5 14. Qd2 Rd8
15. a3 h6 16. b4 Qb6 17. Qd3 Be6 18. Rfd1 Rd6 19. Nd2 Rad8 20. Nc4 Bxc4 21.
Qxc4 d3 22. exd3 Nd4 23. Re1 R6d7 24. Rac1 Qf6 25. Re3 g6 26. Rce1 Kg7 27. Re8
Rxe8 28. Rxe8 Ne6 29. Rc8 Qa1+ 30. Bf1 Qf6 31. h4 Nd4 32. Re8 Nf3+ 33. Kg2 Nd2
34. Qc5 Qc6+ 35. Qxc6 bxc6 36. Be2 Nb1 37. a4 Nc3 38. Bf3 Rc7 39. a5 c5 40.
bxc5 Rxc5 41. a6 Kf6 42. d4 Ra5 43. Bb7 Na4 44. d5 Nb6 45. d6 Ra2 46. Bf3 Rd2
47. Re7 Rxd6 48. Rxa7 Na4 49. Be2 Rd2 50. Bc4 1-0

[Event "Transnational Crown"]
[Site "Montreal CAN"]
[Date "2023.06.11"]
[Round "8.3"]
[White "Liang, Awonder"]
[Black "Plotkin, Mark"]
[Result "1-0"]
[WhiteElo "2651"]
[BlackElo "2341"]
[PlyCount "67"]
[EventDate "2023.06.06"]
[EventType "swiss"]
[EventRounds "9"]
[EventCountry "CAN"]

1. e4 c5 2. Nf3 Nc6 3. Bb5 e5 4. O-O Bd6 5. d3 Nge7 6. Nc3 O-O 7. a4 Bc7 8. Bc4
d6 9. Be3 h6 10. Nd5 Nxd5 11. Bxd5 Ne7 12. Bb3 b6 13. Nh4 d5 14. Qh5 Kh7 15.
exd5 f5 16. a5 Rb8 17. axb6 axb6 18. Ra7 f4 19. Bd2 Rb7 20. Rxb7 Bxb7 21. c4 g6
22. Qe2 Bc8 23. Bc3 g5 24. Nf3 Ng6 25. Bc2 Re8 26. Qe4 Qf6 27. d4 cxd4 28. Nxd4
g4 29. Ra1 g3 30. Ra7 Re7 31. Nc6 gxf2+ 32. Kf1 Rg7 33. Rxc7 Rxc7 34. Bxe5 1-0

[Event "Transnational Crown"]
[Site "Montreal CAN"]
[Date "2023.06.11"]
[Round "9.12"]
[White "Plotkin, Mark"]
[Black "Woodward, Andy"]
[Result "1-0"]
[WhiteElo "2341"]
[BlackElo "2466"]
[PlyCount "55"]
[EventDate "2023.06.06"]
[EventType "swiss"]
[EventRounds "9"]
[EventCountry "CAN"]

1. e4 c5 2. Nf3 d6 3. d4 cxd4 4. Nxd4 Nf6 5. Nc3 a6 6. Bc4 e6 7. O-O Be7 8. f4
b5 9. Bb3 O-O 10. Be3 Bb7 11. e5 dxe5 12. fxe5 Nfd7 13. Qh5 Qe8 14. Nxe6 fxe6
15. Rxf8+ Qxf8 16. Rf1 Qd8 17. Bxe6+ Kh8 18. Nd5 Nc6 19. Bf5 g6 20. Bxg6 Qg8
21. Be4 Rf8 22. Rxf8 Bxf8 23. e6 Nde5 24. e7 Nxe7 25. Nxe7 Qg7 26. Nf5 Qd7 27.
Bxb7 Qxb7 28. Qe8 1-0

[Event "Transnational Rapid"]
[Site "Toronto CAN"]
[Date "2023.06.03"]
[Round "3.8"]
[White "Plotkin, Mark"]
[Black "Moradiabadi, E."]
[Result "1/2-1/2"]
[WhiteElo "2341"]
[BlackElo "2520"]
[PlyCount "129"]
[EventDate "2023.06.03"]
[EventType "swiss (rapid)"]
[EventRounds "11"]
[EventCountry "CAN"]
[Source "Mark Crowther"]
[SourceDate "2023.06.12"]

1. e4 c6 2. d4 d5 3. f3 e6 4. Nc3 Nf6 5. e5 Nfd7 6. f4 c5 7. Nf3 Nc6 8. Be3 a6
9. a3 Rb8 10. Qd2 Be7 11. dxc5 Nxc5 12. b4 Nd7 13. Bd3 b5 14. O-O Nb6 15. Qf2
Nc4 16. Bxc4 bxc4 17. Ne2 O-O 18. c3 Bd7 19. a4 Qe8 20. Qg3 Kh8 21. Ned4 Nxd4
22. Nxd4 f5 23. a5 Qf7 24. Nf3 Rg8 25. h4 h6 26. Kf2 Rgc8 27. Rh1 Qh5 28. Nd4
Kg8 29. Kf1 Kf7 30. Qf3 g6 31. Ke2 Bb5 32. Rag1 Qxf3+ 33. Kxf3 h5 34. g3 Rb7
35. Rh2 Bd8 36. Rd1 Be7 37. Rhd2 Ba4 38. Ra1 Bd7 39. Kf2 Bf8 40. Nc2 Be7 41.
Bb6 Ke8 42. Nd4 Ra8 43. Rda2 Kf7 44. Ke3 Ke8 45. Kd2 Kf7 46. Kc1 Be8 47. Rb2
Bb5 48. Bc5 Bd8 49. Bd6 Rc8 50. Kd2 Ra8 51. Ke3 Rc8 52. Rd2 Ra8 53. Rad1 Ba4
54. Ra1 Bb5 55. Nc2 Ke8 56. Kf2 Kd7 57. Nd4 Bc6 58. Ke1 Bb5 59. Kd1 Rc8 60. Kc1
Ra8 61. Kb2 Bc6 62. Ka3 Bb5 63. Rad1 Rc8 64. Nf3 Ke8 65. Nd4 1/2-1/2

[Event "Cherry Blossom Classic"]
[Site "Dulles USA"]
[Date "2023.05.25"]
[Round "2.13"]
[White "Shoykhet, Benjamin"]
[Black "Plotkin, Mark"]
[Result "0-1"]
[WhiteElo "1919"]
[BlackElo "2341"]
[PlyCount "74"]
[EventDate "2023.05.24"]
[EventType "swiss"]
[EventRounds "9"]
[EventCountry "USA"]
[Source "Mark Crowther"]
[SourceDate "2023.06.05"]

1. c4 g6 2. g3 Bg7 3. Bg2 e5 4. Nc3 Nc6 5. Nf3 f5 6. d3 Nge7 7. O-O O-O 8. Rb1
h6 9. e4 f4 10. b4 g5 11. b5 Nb8 12. d4 exd4 13. Nxd4 c5 14. bxc6 dxc6 15. Ba3
Bxd4 16. Bxe7 Qxe7 17. Qxd4 f3 18. Bh1 Nd7 19. Nd1 Qe5 20. Qe3 Qf6 21. Rb3 Ne5
22. Nb2 b6 23. Rc1 Be6 24. a4 Rad8 25. Rbc3 Qf7 26. c5 Qh5 27. Qe1 Ng4 28. Bxf3
Qxh2+ 29. Kf1 Rxf3 30. Rxf3 Ne5 31. Rcc3 Bg4 32. Ke2 Qg2 33. Qf1 Bxf3+ 34. Ke1
Qxf1+ 35. Kxf1 Rd2 36. cxb6 axb6 37. Rb3 Rc2 0-1

[Event "Cherry Blossom Classic"]
[Site "Dulles USA"]
[Date "2023.05.26"]
[Round "3.5"]
[White "Plotkin, Mark"]
[Black "Burke, John M"]
[Result "0-1"]
[WhiteElo "2341"]
[BlackElo "2583"]
[PlyCount "32"]
[EventDate "2023.05.24"]
[EventType "swiss"]
[EventRounds "9"]
[EventCountry "USA"]
[Source "Mark Crowther"]
[SourceDate "2023.06.05"]

1. c4 e5 2. Nc3 Nf6 3. Nf3 Nc6 4. e3 Bb4 5. Qc2 Bxc3 6. Qxc3 Qe7 7. d3 d5 8.
cxd5 Nxd5 9. Qc2 e4 10. dxe4 Ndb4 11. Qc4 Be6 12. Qc3 Nxa2 13. Qxg7 O-O-O 14.
Bd2 Rhg8 15. Qxh7 Rh8 16. Qg7 Rdg8 0-1

[Event "Cherry Blossom Classic"]
[Site "Dulles USA"]
[Date "2023.05.27"]
[Round "4.12"]
[White "Kanli, Alperen"]
[Black "Plotkin, Mark"]
[Result "0-1"]
[WhiteElo "2111"]
[BlackElo "2341"]
[PlyCount "162"]
[EventDate "2023.05.24"]
[EventType "swiss"]
[EventRounds "9"]
[EventCountry "USA"]
[Source "Mark Crowther"]
[SourceDate "2023.06.05"]

1. d4 g6 2. c4 Bg7 3. Nc3 d6 4. e4 Nf6 5. f4 O-O 6. Nf3 c5 7. d5 e6 8. Be2 exd5
9. cxd5 b5 10. e5 dxe5 11. fxe5 Ng4 12. Bf4 Nd7 13. Nxb5 Ndxe5 14. Nxe5 Nxe5
15. O-O Qb6 16. Be3 Bd7 17. a4 a6 18. a5 Qb8 19. Na3 Qxb2 20. Bxc5 Rfc8 21. Bb6
Bf5 22. d6 Qb4 23. Nb1 Nd7 24. Ra4 Qb2 25. Qd2 Rc2 26. Qd5 Rac8 27. Bxa6 Nxb6
28. axb6 Qxb6+ 29. Kh1 R8c5 30. Qa8+ Bf8 31. Rd4 Bd7 32. Qb7 Qxb7 33. Bxb7 Rc1
34. Rdd1 Rxd1 35. Rxd1 Bxd6 36. g3 Rb5 37. Be4 Rb6 38. Nc3 Bg4 39. Nd5 Bxd1 40.
Nxb6 Kg7 41. Kg2 h5 42. Nd5 Bg4 43. Ne3 Be6 44. Bd5 Bd7 45. Kf3 Bh3 46. Bc4 Bc5
47. Bd3 Kh6 48. Bc4 Kg7 49. Bd3 Kf6 50. Bc4 Ba7 51. Nd5+ Kg7 52. Ne3 g5 53. Nc2
Bg1 54. Ne3 Bxh2 55. Kf2 h4 56. gxh4 gxh4 57. Ng2 Bg3+ 58. Kf3 f5 59. Ne3 Bb8
60. Bf1 Bxf1 61. Nxf5+ Kf6 62. Nxh4 Kg5 63. Ng2 Ba6 64. Ne3 Bb7+ 65. Ke2 Kf4
66. Nd1 Ke4 67. Kd2 Bf4+ 68. Kc3 Ba6 69. Nb2 Be5+ 70. Kb3 Kd4 71. Kb4 Be2 72.
Na4 Bd6+ 73. Ka5 Bc7+ 74. Kb4 Bc4 75. Ka3 Bd6+ 76. Kb2 Kd3 77. Kb1 Bb3 78. Nb2+
Kd2 79. Ka1 Be7 80. Kb1 Bf8 81. Ka1 Kc2 0-1

[Event "Cherry Blossom Classic"]
[Site "Dulles USA"]
[Date "2023.05.27"]
[Round "5.9"]
[White "Plotkin, Mark"]
[Black "Sriniaiyer, Sudarshan"]
[Result "1/2-1/2"]
[WhiteElo "2341"]
[BlackElo "2211"]
[PlyCount "60"]
[EventDate "2023.05.24"]
[EventType "swiss"]
[EventRounds "9"]
[EventCountry "USA"]
[Source "Mark Crowther"]
[SourceDate "2023.06.05"]

1. e4 c5 2. c3 Nf6 3. e5 Nd5 4. d4 cxd4 5. Nf3 d6 6. Bc4 dxe5 7. Nxe5 e6 8. O-O
Be7 9. cxd4 O-O 10. Re1 Nc6 11. Nf3 Bf6 12. Bb3 b6 13. Nc3 Nxc3 14. bxc3 Bb7
15. Qd3 Rc8 16. h4 Na5 17. Bc2 g6 18. Bh6 Bg7 19. Bxg7 Kxg7 20. Ng5 Qd5 21. f3
Qc4 22. Qe3 Qxc3 23. Qe5+ Kg8 24. Be4 Qc7 25. Bxb7 Qxe5 26. dxe5 Nxb7 27. Ne4
Rfd8 28. Rad1 Kg7 29. Rxd8 Rxd8 30. Rc1 Nc5 1/2-1/2

[Event "Cherry Blossom Classic"]
[Site "Dulles USA"]
[Date "2023.05.28"]
[Round "6.11"]
[White "Tanenbaum, Zachary"]
[Black "Plotkin, Mark"]
[Result "1-0"]
[WhiteElo "2261"]
[BlackElo "2341"]
[PlyCount "59"]
[EventDate "2023.05.24"]
[EventType "swiss"]
[EventRounds "9"]
[EventCountry "USA"]
[Source "Mark Crowther"]
[SourceDate "2023.06.05"]

1. e4 c5 2. Nf3 Nc6 3. Nc3 g6 4. d4 cxd4 5. Nxd4 Bg7 6. Be3 Nf6 7. Bc4 O-O 8.
Bb3 d6 9. h3 Bd7 10. O-O Rc8 11. f4 Qa5 12. Qd3 Rfd8 13. Rae1 a6 14. Nxc6 Bxc6
15. f5 Rf8 16. e5 dxe5 17. fxg6 e4 18. Bxf7+ Kh8 19. Qe2 Qe5 20. Rf4 b5 21. Qf2
Be8 22. Bd4 Qc7 23. Bxe8 Rfxe8 24. Nxe4 hxg6 25. Ng5 Kg8 26. Ne6 Qd7 27. Nxg7
Kxg7 28. Rxf6 exf6 29. Qxf6+ Kh7 30. Qh4+ 1-0

[Event "Cherry Blossom Classic"]
[Site "Dulles USA"]
[Date "2023.05.29"]
[Round "8.8"]
[White "Stearman, Josiah"]
[Black "Plotkin, Mark"]
[Result "1-0"]
[WhiteElo "2385"]
[BlackElo "2341"]
[PlyCount "95"]
[EventDate "2023.05.24"]
[EventType "swiss"]
[EventRounds "9"]
[EventCountry "USA"]
[Source "Mark Crowther"]
[SourceDate "2023.06.05"]

1. e4 e5 2. Nf3 Nc6 3. Bb5 a6 4. Ba4 Nge7 5. c3 Ng6 6. d4 d5 7. Nxe5 Ngxe5 8.
dxe5 dxe4 9. Qxd8+ Kxd8 10. Bf4 f5 11. exf6 gxf6 12. Nd2 Bd6 13. Bg3 f5 14.
Bxc6 bxc6 15. Nc4 Be6 16. Nxd6 cxd6 17. Bxd6 Bc4 18. O-O-O Rg8 19. b3 Bd3 20.
g3 Kd7 21. Bf4 c5 22. c4 Kc6 23. Rhe1 Rad8 24. h4 h5 25. Kb2 Rd7 26. Kc3 Rgd8
27. Bg5 Ra8 28. Rd2 a5 29. f3 a4 30. fxe4 fxe4 31. Rf2 axb3 32. axb3 Rd6 33.
Be3 Rg6 34. Rf5 Ra5 35. Rxh5 Rxg3 36. Rg1 Rxg1 37. Bxg1 Be2 38. Rh6+ Kd7 39.
Kb2 Bd1 40. Be3 Bf3 41. h5 Ke7 42. Rh7+ Kf6 43. h6 Ra8 44. Rc7 Rd8 45. Bxc5 Kg6
46. Be3 Rd3 47. h7 Rd8 48. Bd4 1-0

[Event "Cherry Blossom Classic"]
[Site "Dulles USA"]
[Date "2023.05.29"]
[Round "9.12"]
[White "Plotkin, Mark"]
[Black "Altman, Joshua"]
[Result "1-0"]
[WhiteElo "2341"]
[BlackElo "2120"]
[PlyCount "134"]
[EventDate "2023.05.24"]
[EventType "swiss"]
[EventRounds "9"]
[EventCountry "USA"]
[Source "Mark Crowther"]
[SourceDate "2023.06.05"]

1. d4 Nf6 2. Nc3 e6 3. e4 d5 4. e5 Nfd7 5. f4 c5 6. Nf3 Nc6 7. Be3 a6 8. a3 b5
9. Qd2 Qa5 10. Be2 b4 11. Nb1 Rb8 12. O-O cxd4 13. Nxd4 Nxd4 14. Bxd4 Bc5 15.
Kh1 O-O 16. b3 Bxd4 17. Qxd4 Qc7 18. axb4 Qxc2 19. Nc3 Qg6 20. b5 axb5 21. Bd3
f5 22. Nxb5 Nb6 23. Nd6 Bd7 24. Ra7 Rfd8 25. Rc1 Qg4 26. h3 Qg3 27. b4 h5 28.
Be2 h4 29. Bf3 Nc4 30. Nb7 Re8 31. Nc5 Bc6 32. Rc7 Ba8 33. Bh5 Ne3 34. Rg1 Rec8
35. Nxe6 Rxc7 36. Nxc7 Rc8 37. Bf3 Rxc7 38. Qxe3 d4 39. Qe1 Bxf3 40. Qxg3 hxg3
41. gxf3 Rc2 42. Rd1 Rc4 43. b5 Rb4 44. Kg2 Rxb5 45. Rxd4 Kf7 46. Kxg3 Rb1 47.
Rd2 Rg1+ 48. Rg2 Rf1 49. Ra2 Rg1+ 50. Kh4 Rf1 51. Ra7+ Kg6 52. Ra6+ Kf7 53. Kg5
Rxf3 54. Kxf5 Rxh3 55. Ra7+ Kf8 56. Ke6 Rh6+ 57. Kd7 Kf7 58. f5 Rh1 59. Kd6+
Kf8 60. Ra8+ Kf7 61. e6+ Kf6 62. Rf8+ Kg5 63. e7 Rd1+ 64. Kc5 Re1 65. e8=Q Re2
66. Qe6 Rxe6 67. Re8 Rxe8 1-0

[Event "Cherry Blossom op"]
[Site "Dulles USA"]
[Date "2023.05.24"]
[Round "1"]
[White "Plotkin, Mark"]
[Black "Samuelson, Andrew"]
[Result "1/2-1/2"]
[WhiteElo "2341"]
[BlackElo "2019"]
[PlyCount "113"]
[EventDate "2023.05.24"]
[EventType "swiss"]
[EventRounds "9"]
[EventCountry "USA"]
[Source "ChessMix"]
[SourceDate "2023.06.01"]

1. c4 c5 2. Nc3 b6 3. g3 Bb7 4. Nf3 Nf6 5. Bg2 e6 6. O-O Be7 7. d4 cxd4 8. Nxd4
Bxg2 9. Kxg2 Qc7 10. b3 a6 11. Bb2 d6 12. e4 Nbd7 13. f4 Qb7 14. Qf3 O-O 15.
Rae1 Rfc8 16. g4 g6 17. g5 Nh5 18. Nd5 exd5 19. exd5 Bf8 20. Nc6 Re8 21. f5 Ne5
22. Bxe5 dxe5 23. Nxe5 Bd6 24. Ng4 Bb4 25. Nh6+ Kh8 26. Rxe8+ Rxe8 27. fxg6
hxg6 28. a3 Bf8 29. Nxf7+ Kh7 30. Ne5 Qe7 31. Qf7+ Qxf7 32. Nxf7 Re2+ 33. Kf3
Rxh2 34. d6 Rh3+ 35. Kf2 Rd3 36. Ke2 Rxd6 37. Nxd6 Ng3+ 38. Kf2 Nxf1 39. Ne4
Bxa3 40. Kxf1 Kg7 41. Ke2 Kf7 42. Kf3 Ke6 43. Kg4 Bb2 44. Nf2 a5 45. Nd3 Be5
46. Ne1 Bd4 47. Nf3 Bf2 48. Kf4 Kd6 49. Ke4 Kc5 50. Ne5 Bh4 51. Nxg6 Bxg5 52.
Kd3 Kb4 53. Kc2 a4 54. bxa4 Kxc4 55. Ne5+ Kb4 56. Nd7 Kxa4 57. Nxb6+ 1/2-1/2